000 01250cam a22003497a 4500
003 CHAP
005 20220817042014.0
008 971013s1977 r 00010 d
010 _a31591
011 _a32563
035 _a36678
040 _cCHAP
090 _aTesis
100 0 0 _aLópez Amaya, Carlos Oscar.
_967657
245 1 4 _aLas finanzas municipales y el desarrollo económico en países en proceso de desarrollo
_b: México un caso de estudio
260 _aMonterrey, N.L.,
_c1977
300 _a137 h.
_b: apénd.
502 _aTesis (Lic. en Economía) -- Univ. Autónoma de Nuevo León. Fac. de Economía
590 _aALEPH
_b10
_c20130110
_lUCH01
_h1253
590 _aBATCH-UPD
_b10
_c20130110
_lUCH01
_h0056
590 _aBATCH-UPD
_b10
_c20130110
_lUCH01
_h1642
590 _aBATCH-UPD
_b10
_c20130409
_lUCH01
_h2044
590 _aBATCH-UPD
_b10
_c20130410
_lUCH01
_h1033
590 _aBATCH-UPD
_b10
_c20130914
_lUCH01
_h1554
590 _aCONVERSION
_b10
_c20130109
_lUCH01
_h1318
650 1 4 _aFinanzas municipales
_zMéxico.
_940952
650 1 4 _aMéxico
_xCondiciones económicas.
650 1 4 _aPaíses subdesarrollados
_xCondiciones económicas.
_985152
901 _aBK
942 _cTESIS
949 _bBC
_cTES
_d-84458
_eTS1
_i36678
_si
999 _c31591
_d31591